Visualizzazione normale
Vista MARC
- Werle Lars Johan
di Personal Name
Records bibliografici associati: 1
001 - CONTROL NUMBER
- control field: 50281
003 - CONTROL NUMBER IDENTIFIER
- control field: IT-RoPau
005 - DATE AND TIME OF LATEST TRANSACTION
- control field: 20151202111424.0
008 - FIXED-LENGTH DATA ELEMENTS
- fixed length control field: 151202|| aca||aabn | a|a d
040 ## - CATALOGING SOURCE
- Original cataloging agency: IT-RoPau
- Transcribing agency: IT-RoPau
100 ## - HEADING--PERSONAL NAME
- Personal name: Werle Lars Johan
- Relator term: (musica)
- Miscellaneous information: Codice Musica SPICS: 28756
670 ## - SOURCE DATA FOUND
- Source citation: Work cat.: (IT-RoPau)107078: Bergman Ingmar Codice regista SPICS: 9304 34076, PERSONA PERSONA (Rif. Codice opera principale : H8013)